000 00313nam a22001457a 4500
003 OSt
005 20160727222341.0
008 160620b xxu||||| |||| 00| 0 eng d
040 _cTEST
100 _9100
_aScarborough
245 _aDoug
_bDoug
260 _aN.Y
_bGolden Books
_c1999
300 _aDoug
942 _2ddc
_cBK
999 _c80
_d80